Nfl 2025 Starting QB's - Statistics

General Stats
  • This quiz has been taken 42 times
  • The average score is 30 of 32
Answer Stats
Hint Answer % Correct
Bills Josh Allen
100%
Dolphins Tua Tagovailoa
100%
Steelers Aaron Rodgers
97%
Bears Caleb Williams
97%
Texans C.J. Stroud
97%
Eagles Jalen Hurts
97%
Vikings J.J. McCarthy
97%
Bengals Joe Burrow
97%
Packers Jordan Love
97%
Ravens Lamar Jackson
97%
Jaguars Trevor Lawrence
97%
Buccaneers Baker Mayfield
95%
Broncos Bo Nix
95%
49ers Brock Purdy
95%
Panthers Bryce Young
95%
Cowboys Dak Prescott
95%
Patriots Drake Maye
95%
Lions Jared Goff
95%
Commanders Jayden Daniels
95%
Browns Joe Flacco
95%
Jets Justin Fields
95%
Chargers Justin Herbert
95%
Cardinals Kyler Murray
95%
Rams Matthew Stafford
95%
Chiefs Patrick Mahomes
95%
Giants Russell Wilson
95%
Titans Cam Ward
92%
Colts Daniel Jones
92%
Falcons Micheal Penix Jr.
92%
Seahawks Sam Darnold
92%
Raiders Geno Smith
89%
Saints Spencer Rattler
84%
No matching quizzes found
Score Distribution
Percent of People with Each Score
Percentile by Number Answered
Your Score History
You have not taken this quiz